France Global Cities - Statistics

General Stats
  • This quiz has been taken 71 times
  • The average score is 9 of 10
Answer Stats
Hint Answer % Correct
Sufficiency Marseille
100%
Alpha+ Paris
100%
Beta- Lyon
97%
Sufficiency Toulouse
93%
Sufficiency Bordeaux
92%
Sufficiency Nice
90%
Gamma Nantes
88%
High Sufficiency Strasbourg
83%
Sufficiency Montpellier
65%
Sufficiency Grenoble
47%
No matching quizzes found
Score Distribution
Percent of People with Each Score
Percentile by Number Answered
Your Score History
You have not taken this quiz